000 00715nam a2200193Ia 4500
999 _c42150
_d42150
001 8843
003 GE_BSU
005 20250429113501.0
008 181216s1991||||ge |||||||||||||| ||geo||
040 _cGE_BSU
041 _ageo
080 _a821.353.1-31 კ-22
100 _aკანდელაკი, ნანა
_96344
245 _aგადმოსახედი მაღალი კიბიდან :
_bრომანი /
_cნანა კანდელაკი; რედ: მანანა სანადირაძე.
264 _aთბილისი :
_bმერანი,
_c1991.
300 _a226 გვ.:
_bილ. ;
_c20 სმ.
653 _aრომანი
942 _cBK
_2udc